MARC

LEADER 00000nam0a2200000 4500
001 297162
005 20231102000959.0
020 |a RU  |b 84-54132 
035 |a (RuTPU)RU\TPU\book\322282 
090 |a 297162 
100 |a 20150605d1984 k y0rusy5003 ca 
101 0 |a rus 
102 |a RU 
105 |a a z 001zy 
200 1 |a Разработка калийных месторождений  |e межвузовский сборник научных трудов  |f Пермский политехнический институт (ППИ) ; под ред. А. Е. Красноштейна 
210 |a Пермь  |c Изд-во Пермского политехнического ин-та  |d 1984 
215 |a 148,11 с.  |c ил. 
320 |a Библиография в конце статей 
606 1 |a Калийные соли  |x Добыча  |x Горногеологические условия  |2 stltpush  |3 (RuTPU)RU\TPU\subj\13529  |9 40121 
610 1 |a месторождения 
610 1 |a разработка 
610 1 |a очистная выемка 
610 1 |a напряженное состояние 
610 1 |a массивы 
610 1 |a целики 
610 1 |a выработки 
610 1 |a устойчивость 
610 1 |a физические характеристики 
610 1 |a калийные рудники 
610 1 |a рудничная вентиляция 
675 |a 622.363.2  |z rus  |v 3 
702 1 |a Красноштейн  |b А. Е.  |g Аркадий Евгеньевич  |4 340 
712 0 2 |a Пермский политехнический институт (ППИ)  |c (1960-1992)  |2 stltpush  |3 (RuTPU)RU\TPU\col\7911 
801 0 |a RU  |b RuMRKP  |c 19950704  |g psbo 
801 1 |a RU  |b 63413507  |c 20150605 
801 2 |a RU  |b 63413507  |c 20180529  |g RCR 
942 |c BK